000 00584nam a2200205Ii 4500
001 3554
003 CO-ViMGA
008 241108s9999||||xx |||||||||||||| ||und||
040 _aCO-ViMGA
_bspa
_erda
_cCO-ViMGA
041 0 _aspa
082 0 4 _a331.4 - S249
100 1 _aPierrette Sartín
_951315
245 1 0 _aLa promoción de la mujer
264 1 _aBogotá, Colombia : Editorial labor, 1966
300 _avolumen
336 _atext
_btxt
_2rdacontent
337 _aunmediated
_bn
_2rdamedia
338 _avolume
_bnc
_2rdacarrier
940 _aidficha_siabuc: 3468. -- ficha_no_siabuc:3554
999 _c46026
_d46026